000 01343cam a22003011i 4500
003 SA-RiAUC
005 20260307120010.0
008 260224s1922 ua g 000 0 ara c
040 _aSA-JeALM
_bara
_cSA-RiAUC
_erda
050 4 _b.S53 1922
082 0 4 _a251.4
_qSA-RiAUC
090 _aم ن 251.4
_bش و ك
100 1 _aالشوكاني، محمد بن علي بن محمد،
_d1173-1250 هجري
_eمؤلف.
245 1 0 _aكتاب كشف الشبهات عن المشتبهات /
_cتأليف محمد بن علي بن محمد الشوكاني ؛ صححه وعلق عليه محمد منير الدمشقي.
246 3 0 _aكشف الشبهات عن المشتبهات
264 1 _a[مكان النشر غير محدد] :
_bمنير عبده،
_c[1922]
264 3 _aالقاهرة :
_bمطبعة المعاهد
300 _a30 صفحة ؛
_c29 سم
336 _aنص
_btxt
_2rdacontent
_3كتاب
337 _aبدون وسيط
_bn
_2rdamedia
338 _aمجلد
_bnc
_2rdacarrier
650 7 _aالحلال والحرام (فقه إسلامي)
_2aucsh
650 7 _aالحظر والإباحة (أصول فقه)
_2aucsh
650 7 _aالشريعة الإسلامية
_2aucsh
700 0 _aمنير عبده،
_dتوفي 1948
_eمصحح.
942 _2ddc
_cRBOOK COPY
_n0
949 _aSA-JeALM
_d260224
_umohamedma123
_n1
999 _c14511
_d14511